Vždy je ten správny čas

Rozhovor s americkou expertkou na CRM Jill Griffin, autorkou najpredávanejšej knihy, venovanej budovaniu zákazníckej lojality.

Gespeichert in:
Bibliographische Detailangaben
1. Verfasser: Floreková, Marianna
Weitere Verfasser: Griffin, Jill
Format: Buchkapitel
Sprache:Slowakisch
Schlagworte:
Tags: Tag hinzufügen
Keine Tags, Fügen Sie das erste Tag hinzu!

MARC

LEADER 00000naa$a2200000$$$4500
001 0002296
005 20231003080310.7
041 0 |a slo 
044 |a SK 
245 1 0 |a Vždy je ten správny čas  |c aut. interv. Marianna Floreková, Jill Griffin 
520 |a Rozhovor s americkou expertkou na CRM Jill Griffin, autorkou najpredávanejšej knihy, venovanej budovaniu zákazníckej lojality. 
610 2 0 |a zákazníci 
610 2 0 |a lojálnosť zákazníkov 
610 2 0 |a politika cenová 
610 2 0 |a konkurencia 
100 1 |a Floreková, Marianna 
700 1 |a Griffin, Jill